000 01080nam a22002537a 4500
999 _c64462
_d64462
005 20240530110733.0
008 180515s2007 ua h g 000 0 ara d
040 _aEG-CaGPL
_cEG-CaGPL
082 0 4 _221
_a155.455 /
_bس هـ
100 1 _aستاين، جون بلو
245 1 0 _aهكذا يصبح الطفل قائدا :
_bفن رعاية الموهبين /
_cتاليف جون بلو ستاين ؛ ترجمة اميرة نبيل ؛ الاشراف العلمى عبدالرحمن توفيق
250 _aط.2
260 _aالقاهرة :
_bمركز الخبرات المهنية للادارة (ببميك) ،
_c2007.
300 _a219 ص. :
_bصور ؛
_c24 سم.
650 0 7 _2qrmak
_aالموهوبون
650 0 7 _2qrmak
_aالاطفال الموهوبون
650 0 7 _2qrmak
_aالابداع الادبى والفنى
650 0 7 _2qrmak
_aالنبوغ
651 _2qrmak
700 0 _aايمن الارمنازى
_eاميرة نبيل
700 0 _aعبدالرحمن توفيق
_eمشرف
942 _2ddc
_cBK